000 00381 a2200157 4500
001 61892
020 _a9780194233972
040 _cAnchieta - Pituba
100 _aViney, Brigit
240 1 0 _aThe history of the english language
_lpor
245 1 0 _aThe history of the english language
300 _a88
362 0 _a2008
650 4 _aLiteratura juvenil em inglês
942 _cBK
999 _c61892
_d61892